One, Two...Not Three V Quiz Stats

 Plays Quiz Updated May 5, 2018

Challenge
Share
Tweet
Embed
Score 0/22 Timer 08:00
5 Plays Today
% Correct
Cheeses (Common)
94.9%
Cigarette Brands
92%
Postal Road Abbreviations
92%
Seven Dwarves
90.2%
Sources of Music
90.2%
Party Games
88.7%
Currencies
88.4%
Prefixes Meaning 'Single'
84.4%
NHL Teams
84.2%
Natural Disasters
83.6%
Rhymes for 'Wok'
83%
% Correct
Ways to Invest
82.4%
_____ Paul
77.6%
2013 Hits
74.6%
Ungulates
73.3%
MLB Teams
72.7%
_____ Miss
72.2%
_____ Vision (On TV)
67.4%
Aids
67.3%
Romance Language Exclamations
66.4%
Anthropology Terms
63.3%
Phonic Sound Types
59.4%

You're not logged in!

Compare scores with friends on all Sporcle quizzes.
Join for Free
OR
Log In

You Might Also Like...

Show Comments

Extras

Top Quizzes Today


Score Distribution

Your Account Isn't Verified!

In order to create a playlist on Sporcle, you need to verify the email address you used during registration. Go to your Sporcle Settings to finish the process.

Report this User

Report this user for behavior that violates our Community Guidelines.

Details: